000 00632nam a2200229Ia 4500
003 OSt
005 20220926043406.0
006 a|||||r|||| 00| 0
007 ta
008 220923b |||||||| |||| 00| 0 eng d
037 _cGeneral Book
040 _aRTL
_cRTL
_beng
041 _2eng
_aeng
082 _aY2, K8
100 _aRivers W H R
245 0 _aKinship and social organisation
260 _c1968
490 _aLondon School of Economics Monographs on Social Anthropology. Ed. by Anthony Forge,34
650 _aFamily Sociology
942 _hY2, K8
_cGB
_2CC
999 _c672161
_d672161